00476nam a2200145Ia 4500008004100000020001800041041000800059082001600067100004200083245010500125250000600230260006100236300001200297650002100309210716s2009 xx 000 0 und d a9780070677388 aeng a338.04 TIMJ aTimmons, Jeffry A; Spinelli, Stephen. aNew venture creation: entrepreneurship for the 21st century.bEntrepreneurship for the 21st century. a7 aNew DelhibTata McGraw Hill Publishing Company Ltdc2009 axxx,658 aEntrepreneurship